| 000 | 00531pab a2200181 454500 | ||
|---|---|---|---|
| 008 | 180718b2015 xxu||||| |||| 00| 0 eng d | ||
| 100 | _aRanjan, Rahul | ||
| 245 | _aDeterminants of emission and energy intensities in Indian organized manufacturing sector | ||
| 260 | _c2015 | ||
| 300 | _ap.193-210. | ||
| 362 | _aSep | ||
| 650 | _aEnergy consumption - India | ||
| 650 | _aIndia - Manufacturing industries | ||
| 650 | _aManufacturing industry | ||
| 650 | _aEnergy consumption | ||
| 773 | _aArtha Vijnana | ||
| 909 | _a112007 | ||
| 999 |
_c112002 _d112002 |
||